Weekly reader Edition K

Bibliographic Details
Format: Unknown
Language:English
Published: [Nueva York] : Weekly Reader Corporation
Subjects:
Online Access:Acceso restringido

MARC

LEADER 00000ny a22000003n 4500
005 20110511140017.0
008 071017c20019999us zr pss 0 a0eng d
022 |a 0890-3166 
035 |a 3025  
040 |a BUS  |d vLex 
090 |c 1687  |d 1687 
245 3 0 |a Weekly reader  |h [Recurso electrn̤ico]  |p Edition K 
246 3 |a Weekly Reader.  |p Kindergarten Edition 
256 |a Servicio en ln̕ea 
260 |a [Nueva York] :  |b Weekly Reader Corporation 
310 |a 16 nm︢eros al aǫ 
650 0 4 |a Aprendizaje  |x Mťodos  |x Publicaciones perid̤icas 
650 0 4 |a Pedagoga̕  |x Publicaciones perid̤icas 
740 0 |a vLex Revista (Servicios en ln̕ea) 
843 |a Electrn̤ica. Abierta 
853 |8 1  |i (year)  |j (month)  |k (day) 
856 4 0 |z Acceso restringido  |u http://vlex.com/account/login_ip?fuente_id=3025  
942 |c REV